[Event "Stuttgart-chB int"]
[Site "Ditzingen"]
[Date "2010.05.16"]
[Round "7"]
[White "Parvin, Shahram"]
[Black "Mainik, Andreas"]
[Result "0-1"]
[WhiteElo "1471"]
[BlackElo "1773"]
[PlyCount "60"]
[EventDate "2010.05.13"]
[EventType "swiss"]
[EventRounds "7"]
[EventCountry "GER"]
[SourceTitle "EXT 2018"]
[Source "ChessBase"]
[SourceDate "2017.10.13"]
[SourceVersion "1"]
[SourceVersionDate "2017.10.13"]
[SourceQuality "1"]

1. d4 Nf6 2. c4 e6 3. Bg5 d5 4. Bxf6 Qxf6 5. e3 Nd7 6. Nf3 c6 7. Qc2 Bd6 8. c5 Bc7 9. Nbd2 0-0 10. Bd3 e5 11. dxe5 Bxe5 12. Rb1 Re8 13. Bxh7+ Kh8 14. h4 d4 15. Ng5 dxe3 16. Ndf3 exf2+ 17. Kf1 b6 18. Bd3 Nxc5 19. Bc4 Bf5 20. Nxf7+ Qxf7 21. Qe2 Qxc4 22. Qxc4 Bd3+ 23. Qxd3 Nxd3 24. Rh3 Bxb2 25. Rd1 Rad8 26. g4 Nf4 27. Rxd8 Rxd8 28. Rh2 Nd3 29. Ng5 Re8 30. Nf3 Re1+ 0-1

[Event "Stuttgart-chB int"]
[Site "Ditzingen"]
[Date "2008.05.01"]
[Round "2"]
[White "Holschke, Christian"]
[Black "Mainik, Andreas"]
[Result "0-1"]
[WhiteElo "1661"]
[BlackElo "1777"]
[PlyCount "89"]
[EventDate "2008.05.01"]
[EventType "swiss"]
[EventRounds "7"]
[EventCountry "GER"]
[SourceTitle "EXT 2018"]
[Source "ChessBase"]
[SourceDate "2017.10.13"]
[SourceVersion "1"]
[SourceVersionDate "2017.10.13"]
[SourceQuality "1"]

1. e4 e5 2. d4 exd4 3. Qxd4 Nc6 4. Qe3 d6 5. Nc3 Nf6 6. Bc4 Be7 7. Nf3 0-0 8. Bd2 Ng4 9. Qe2 Nge5 10. 0-0-0 Nxf3 11. Qxf3 Ne5 12. Qe2 Bf6 13. h3 Re8 14. Bb3 Qe7 15. Nd5 Qd8 16. f4 Nc6 17. g4 Nd4 18. Qd3 c6 19. Nc3 Be6 20. Bxe6 Nxe6 21. g5 Be7 22. Be3 Qc7 23. h4 Rad8 24. Qc4 b5 25. Qf1 Rd7 26. f5 Nc5 27. f6 Bf8 28. Bxc5 dxc5 29. Qf5 Rd4 30. h5 Qe5 31. g6 Qxf5 32. exf5 gxf6 33. Rde1 Re5 34. Rxe5 fxe5 35. Ne2 Bh6+ 36. Kb1 Rd2 37. Ng3 fxg6 38. hxg6 hxg6 39. c3 Bf4 40. Ne4 Re2 41. Nf6+ Kf7 42. Ng4 gxf5 43. Rh7+ Kg6 44. Rh2 Bxh2 45. Nxe5+ 0-1

[Event "Stuttgart-chB int"]
[Site "Ditzingen"]
[Date "2006.05.27"]
[Round "5"]
[White "Keller, Joachim"]
[Black "Mainik, Andreas"]
[Result "0-1"]
[WhiteElo "1663"]
[BlackElo "1488"]
[PlyCount "124"]
[EventDate "2006.05.25"]
[EventType "swiss"]
[EventRounds "7"]
[EventCountry "GER"]
[SourceTitle "EXT 2018"]
[Source "ChessBase"]
[SourceDate "2017.10.13"]
[SourceVersion "1"]
[SourceVersionDate "2017.10.13"]
[SourceQuality "1"]

1. d4 Nf6 2. c4 g6 3. Nc3 Bg7 4. e4 d6 5. Be2 0-0 6. f4 e5 7. fxe5 dxe5 8. d5 c6 9. Be3 cxd5 10. cxd5 Nbd7 11. Nh3 Qa5 12. Nf2 Nc5 13. Qd2 Ne8 14. Nd3 Nxd3+ 15. Bxd3 Nd6 16. Bh6 f5 17. Bxg7 Kxg7 18. 0-0 fxe4 19. Rxf8 Kxf8 20. Qh6+ Kg8 21. Bxe4 Qb6+ 22. Kh1 Qxb2 23. Rf1 Bf5 24. Bxf5 Nxf5 25. Qh3 Rf8 26. g4 Nd6 27. Rxf8+ Kxf8 28. Qh6+ Kg8 29. Qe3 Nc4 30. Qd3 Qc1+ 31. Kg2 Qd2+ 32. Qxd2 Nxd2 33. Kf2 Kf7 34. Ke2 Nc4 35. Kd3 Nd6 36. Ne4 Ke7 37. Nc5 b5 38. Na6 Kf6 39. h4 h5 40. g5+ Kf5 41. Nb4 Kg4 42. Nc6 e4+ 43. Kd4 Kxh4 44. Ke5 e3 45. Nd4 Nf7+ 46. Kf6 Nxg5 47. Kxg6 Kg4 48. d6 Ne6 49. Nxe6 e2 50. d7 e1Q 51. d8Q Qxe6+ 52. Kg7 Qe5+ 53. Kg6 Kf4 54. Qh4+ Kf3 55. Qh1+ Ke2 56. Qg2+ Kd3 57. Qf3+ Kc4 58. Qb3+ Kc5 59. Qc2+ Kb6 60. Qf2+ Qc5 61. Qh4 Qc2+ 62. Kxh5 Qh7+ 0-1

[Event "Stuttgart-chB int"]
[Site "Ditzingen"]
[Date "2006.05.26"]
[Round "3"]
[White "Ehmer, Fabian"]
[Black "Mainik, Andreas"]
[Result "1-0"]
[WhiteElo "1705"]
[BlackElo "1488"]
[PlyCount "107"]
[EventDate "2006.05.25"]
[EventType "swiss"]
[EventRounds "7"]
[EventCountry "GER"]
[SourceTitle "EXT 2018"]
[Source "ChessBase"]
[SourceDate "2017.10.13"]
[SourceVersion "1"]
[SourceVersionDate "2017.10.13"]
[SourceQuality "1"]

1. g3 e5 2. Bg2 d5 3. c4 c6 4. cxd5 cxd5 5. Qb3 Nf6 6. Nc3 e4 7. d3 Na6 8. dxe4 Nc5 9. Qc2 Ncxe4 10. Nxe4 dxe4 11. Bxe4 Bb4+ 12. Kf1 0-0 13. Bd3 Re8 14. Bg5 Qd5 15. Nf3 Bh3+ 16. Kg1 Rac8 17. Qa4 Qa5 18. Qxa5 Bxa5 19. Bxf6 gxf6 20. Nd4 Re5 21. e3 Rec5 22. Nb3 R5c7 23. Bf1 Bxf1 24. Kxf1 Bb6 25. Rb1 Rc2 26. a4 a6 27. Na1 Rc1+ 28. Kg2 Rxh1 29. Kxh1 Kf8 30. Kg2 Ke7 31. Rd1 Ke6 32. Rd2 Rc4 33. b3 Rc3 34. Rc2 Ba5 35. Rxc3 Bxc3 36. Nc2 Ke5 37. Kf3 f5 38. Ke2 Kd5 39. Kd3 Ba5 40. f4 Bb6 41. Nd4 Bxd4 42. exd4 b6 43. Kc3 h5 44. Kd3 Kd6 45. Kc4 Kc6 46. d5+ Kd6 47. b4 Kd7 48. a5 bxa5 49. bxa5 Kd6 50. Kd4 Kd7 51. Ke5 Ke7 52. d6+ Kd7 53. Kxf5 Kxd6 54. Kf6 1-0